Technologie přípravy pokrmů. Praktické rady /

Hlavní autor: Formáčková, Marie, 1952-
Korporativní autor: Střední škola Euroinstitut (Neprobylice, Kladno, Česko)
Jazyk: Čeština
Vydáno: Praha : Euroinstitut.eu, 2015
Vydání: 1. vyd.
Témata:
Fyzický popis: 47 s. : barev. il. ; 22 cm
Knihy
Uloženo v:
LEADER 01572nam a2200421 a 4500
001 nkc20152690668
003 CZ PrNK
005 20150504162853.0
007 ta
008 150407s2015 xr a d p 000 0 cze
015 |a cnb002690668 
020 |a 978-80-87372-15-9  |q (váz.) 
035 |a (OCoLC)908822385 
040 |a ABA001  |b cze  |d OLA001 
072 7 |a 641  |x Kuchařství. Potraviny. Vařená jídla  |2 Konspekt  |9 19 
072 7 |a 37.016  |x Učební osnovy. Vyučovací předměty. Učebnice  |2 Konspekt  |9 22 
080 |a 641/642  |2 MRF 
080 |a 641.55  |2 MRF 
080 |a (075.3)  |2 MRF 
100 1 |a Formáčková, Marie,  |d 1952-  |7 jn20000400712  |4 aut 
245 1 0 |a Technologie přípravy pokrmů.  |p Praktické rady /  |c Lucie [i.e. Marie] Formáčková 
246 3 0 |a Technologie přípravy pokrmů - praktické rady 
250 |a 1. vyd. 
260 |a Praha :  |b Euroinstitut.eu,  |c 2015 
300 |a 47 s. :  |b barev. il. ;  |c 22 cm 
500 |a Na obálce nad názvem: Střední škola Euroinstitut 
650 0 7 |a kuchařství  |7 ph115027  |2 czenas 
650 0 7 |a příprava jídel  |7 ph634637  |2 czenas 
650 0 9 |a cookery  |2 eczenas 
650 0 9 |a meals preparation  |2 eczenas 
655 7 |a učebnice středních škol  |7 fd133771  |2 czenas 
655 9 |a textbooks (secondary)  |2 eczenas 
710 2 |a Střední škola Euroinstitut (Neprobylice, Kladno, Česko)  |7 ko2015867332 
910 2 |a BOA001  |b 2-1345.537 
990 |a BK 
995 |a 01 
991 |b 201504  |c NOV  |e n 
996 6 |b 2610629172  |c 2-1345.537  |l MZK  |r Sklad / do 1 hodiny  |n 1  |p p.v.  |w 001500110  |u 000010  |a 1  |e BOA001  |j MZK50  |s P